000 00361nam a2200157Ia 4500
008 230711s9999||||xx |||||||||||||| ||und||
041 _aENG
082 _a800
_bRU-W
100 _aRussell,Ash
245 0 _aWhitaker's World of Facts
250 _a1st Ed.
260 _c2007
_aNew Delhi
_bPenguin Books
300 _a320p.
650 _aLiterature
942 _cBK
999 _c4913
_d4913